书目信息 |
| 题名: |
电极过程动力学
|
|
| 作者: | 弗鲁姆金 著 | |
| 分册: | ||
| 出版信息: | 北京 科学出版社 1957 |
|
| 页数: | 339页 | |
| 开本: | 26cm | |
| 丛书名: | ||
| 单 册: | ||
| 中图分类: | O646.5 | |
| 科图分类: | ||
| 主题词: | 电级反应-反应动力学 , 反应动力学-电级反应 , 量子化学 , 物理化学 | |
| 电子资源: | ||
| ISBN: | ||
| 000 | 00714nam0 2200253 45 | |
| 001 | 0187009394 | |
| 005 | 20060801085633.68 | |
| 010 | @dCNY5.60@b精装 | |
| 100 | @a19900808d1957 emky0chiy0121 ea | |
| 101 | 0 | @achi |
| 102 | @aCN@b110000 | |
| 105 | @ay z 001yy | |
| 200 | 10 | @a电极过程动力学@Adian ji guo cheng dong li xue@fА·Н·弗鲁姆金等著@FА·Н·fu lu mu jin deng zhu |
| 210 | @a北京@c科学出版社@d1957 | |
| 215 | @a339页@d26cm | |
| 606 | @a电级反应-反应动力学 | |
| 606 | @a反应动力学-电级反应 | |
| 606 | 0 | @a量子化学 |
| 606 | 0 | @a物理化学 |
| 690 | @aO646.5@v3 | |
| 701 | 0 | @a弗鲁姆金@Afu lu mu jin@4著 |
| 801 | 2 | @aCN@bNLC@c20060801 |
| 801 | 0 | @aCN@b深圳图书馆@c20040520 |
| 905 | @dO646.5@e27 | |
| 电极过程动力学/А·Н·弗鲁姆金等著.-北京:科学出版社,1957 |
| 339页;26cm |
| ISBN (精装):CNY5.60 |
| ● |
| 相关链接 |
|
|
|
|
正题名:电极过程动力学
索取号:O646.5/27
 
预约/预借
| 序号 | 登录号 | 条形码 | 馆藏地/架位号 | 状态 | 备注 |
| 1 | 0434445 | 204344450 | 密集书库/ [索取号:O646.5/27] | 在馆 |